Statistiken für Berühmte Musiker/innen und ihre Künstlernamen - leicht

Klicken Sie hier um das Quiz zu spielen!

Allgemein

  • Dieses Quiz wurde 76 mal gespielt
  • Das Durchschnittsergebnis liegt bei 5 aus 20

Antwortstatistiken

HintAntwort% Korrekt
Marshall Bruce Mathers IIIEminem
67%
Stefani Joanne Angelina GermanottaLady Gaga
60%
Robin ******* FentyRihanna
40%
Curtis James Jackson III50 Cent
37%
Gabriele Susanne KernerNena
33%
Katheryn Elizabeth HudsonKaty Perry
31%
******* Louise CicconeMadonna
24%
Abel Makkonen TesfayeThe Weeknd
24%
Alecia Beth MoorePink/P!nk
21%
Robert Allen ZimmermanBob Dylan
19%
Lukas StrobelAlligatoah
17%
Anna Mae BullockTina Turner
17%
Onika Tanya Maraj-PettyNicki Minaj
16%
***** Laurie Blue Adkins MBEAdele
13%
Peter Gene HernandezBruno Mars
13%
*** Kate Isobelle FurlerSia
10%
Aubrey ***** GrahamDrake
9%
***** Joel DesrouleauxJason Derulo
9%
Armando Christian PérezPitbull
9%
******* Isabel Mebarak RipollShakira
9%

Verteilung der Resultate

Perzentil nach korrekt beantworteten Fragen

Anzahl Personen mit jedem Resultat

Ihre Resultats-Entwicklung

Sie haben dieses Quiz noch nicht gespielt